10 Closest Megacities to New York City - Statistics

General Stats
  • This quiz has been taken 67,539 times
    41,654 since last reset
  • The average score is 8 of 10
Answer Stats
km city miles % Correct
5586 London 3471
93%
3945 Los Angeles 2451
91%
3358 Mexico City 2087
91%
5853 Paris 3637
90%
7731 Rio de Janeiro 4804
82%
7657 São Paulo 4758
74%
4009 Bogotá 2491
65%
7530 Moscow 4679
65%
5850 Lima 3635
60%
8089 Istanbul 5026
46%
No matching quizzes found
Score Distribution
Percent of People with Each Score
Percentile by Number Answered
Your Score History
You have not taken this quiz since the last reset